載入...

Koythinte naravamsasathyangal : Karutha manikalute koythu /

書目詳細資料
主要作者: Rajagopalan, C. R.
格式: Printed Book
語言:Undetermined
出版: Edapal : Vallathol Vidyapeetham , 2014.
叢編:Vallathol Vidyapeetham Prabandhavali - 10
LEADER 00605nam a2200169Ia 4500
008 170722s9999 xx 000 0 und d
999 |c 156777  |d 156777 
020 |a 9789383570072 
041 |a MAL 
084 |2 cc  |a Y:351(J:7) 
100 |a Rajagopalan, C. R. 
245 |a Koythinte naravamsasathyangal :  |b Karutha manikalute koythu / 
260 |a Edapal :  |b Vallathol Vidyapeetham ,  |c 2014. 
300 |b 34p. 
490 |a Vallathol Vidyapeetham Prabandhavali - 10 
942 |c REF 
952 |0 0  |1 0  |4 0  |6 Y_351J7_32Q4  |7 0  |8 KR  |9 219927  |a LIB  |b LIB  |d 2017-02-17  |e National Book Stall  |g 30.00  |o Y:351(J:7) 32Q4  |p 303823  |r 2017-08-12  |y REF